000 00213 a2200097 4500
001 45715
100 _aTaylor G
245 _aThe science of life
260 _aLondon
_bThames of Hudson
_c
090 _c28875
_d28875
942 _aNUST-CAE
_cM
_c20974
999 _c280788
_d280788